Escuelas-asilos de artes y oficios para niños pobres, huérfanos y abandonados (Record no. 179655)
[ view plain ]
| 000 -LEADER | |
|---|---|
| campo de control de longitud fija | 00931nam a22002291i 4500 |
| 001 - NÚMERO DE CONTROL | |
| campo de control | 179655 |
| 003 - IDENTIFICADOR DE NÚMERO DE CONTROL | |
| campo de control | ES-MaACL |
| 005 - FECHA Y HORA DE LA ÚLTIMA TRANSACCIÓN | |
| campo de control | 20250730024619.0 |
| 008 - DATOS DE LONGITUD FIJA--INFORMACIÓN GENERAL | |
| campo de control de longitud fija | 111229s1926 sp |||| | spa d |
| 100 1# - ENTRADA PRINCIPAL--NOMBRE DE PERSONA | |
| Nombre de persona | Mallart y Cutó, José. |
| 9 (RLIN) | 75793 |
| 245 10 - MENCIÓN DEL TÍTULO | |
| Título | Escuelas-asilos de artes y oficios para niños pobres, huérfanos y abandonados |
| Resto del título | : su organización práctica y útil / |
| Mención de responsabilidad, etc. | por José Mallat [sic] y Cutó. |
| 260 ## - PUBLICACIÓN, DISTRIBUCIÓN, ETC. | |
| Lugar de publicación, distribución, etc. | Madrid : |
| Nombre del editor, distribuidor, etc. | Sociedad Española de Higiene, |
| Fecha de publicación, distribución, etc. | 1926. |
| 300 ## - DESCRIPCIÓN FÍSICA | |
| Extensión | 36 p. ; |
| Dimensiones | 22 cm. |
| 490 1# - MENCIÓN DE SERIE | |
| Mención de serie | Legado Roel: Colección de Memorias Premiadas ; |
| Designación de volumen o secuencia | 36 |
| 500 ## - NOTA GENERAL | |
| Nota general | Concurso de 1925-1926. |
| 650 04 - PUNTO DE ACCESO ADICIONAL DE MATERIA--TÉRMINO DE MATERIA | |
| Término de materia o nombre geográfico como elemento de entrada | Niños marginados- |
| Subdivisión general | Educación. |
| 9 (RLIN) | 15566 |
| 650 #4 - PUNTO DE ACCESO ADICIONAL DE MATERIA--TÉRMINO DE MATERIA | |
| Término de materia o nombre geográfico como elemento de entrada | Orfanatos. |
| 9 (RLIN) | 148908 |
| 710 2# - ENTRADA AGREGADA--NOMBRE DE ENTIDAD CORPORATIVA | |
| Nombre de entidad corporativa o nombre de jurisdicción como elemento de entrada | Sociedad Española de Higiene. |
| 9 (RLIN) | 6725 |
| 830 00 - PUNTO DE ACCESO ADICIONAL DE SERIE-TÍTULO UNIFORME | |
| Título uniforme | Legado Roel: Colección de memorias premiadas |
| Designación de volumen o secuencia | 36 |
| 9 (RLIN) | 183286 |
| 852 ## - LOCALIZACIÓN | |
| Ubicación | ES-MaACL |
| Número de control de estantería | C-8172(9) |
| Nota libre | .- Encuadernado con otras obras |
| Estatus retirado | Estado de pérdida | Estado de daño | No para préstamo | Biblioteca de origen | Biblioteca actual | Ubicación en estantería | Fecha de adquisición | Fuente de adquisición | Total de préstamos | Signatura topográfica completa | Código de barras | Visto por última vez | Precio de reemplazo | Tipo de ítem Koha |
|---|---|---|---|---|---|---|---|---|---|---|---|---|---|---|
| Biblioteca del Ateneo de Madrid | Biblioteca del Ateneo de Madrid | Sala Palomar | 29/12/2011 | C-8172(9) | 1188735 | 23/02/2023 | 23/02/2023 | Libro impreso |
